Normal view
MARC view
Entry Geographic Name
001 - CONTROL NUMBER
- control field: 127816
003 - CONTROL NUMBER IDENTIFIER
- control field: OSt
005 - DATE AND TIME OF LATEST TRANSACTION
- control field: 20230720100612.0
008 - FIXED-LENGTH DATA ELEMENTS
- fixed length control field: 230720|| aca||aabn | a|a d
040 ## - CATALOGING SOURCE
- Original cataloging agency: OSt
- Transcribing agency: OSt
151 ## - HEADING--GEOGRAPHIC NAME
- Geographic name: Money and prices in the long run
670 ## - SOURCE DATA FOUND
- Source citation: Work cat.: (OSt)205886: Mankiw, N Gregory. 127813, Brief principles of macroeconomics /, 2007.